Data analysis in astronomy III (Record no. 9773)

MARC details
000 -LEADER
fixed length control field 00835nam a2200253Ia 4500
003 - CONTROL NUMBER IDENTIFIER
control field IN-BaIIA
008 - FIXED-LENGTH DATA ELEMENTS--GENERAL INFORMATION
fixed length control field 211028s9999 xx 000 0 eng d
020 ## - INTERNATIONAL STANDARD BOOK NUMBER
International Standard Book Number 0-306-43158-0
040 ## - CATALOGING SOURCE
Transcribing agency IIA Library
080 ## - UNIVERSAL DECIMAL CLASSIFICATION NUMBER
Universal Decimal Classification number 52-17:519.68
Item number DAT
245 #0 - TITLE STATEMENT
Title Data analysis in astronomy III
Statement of responsibility, etc. edited by V. Di Gesu…[et al.]
260 ## - PUBLICATION, DISTRIBUTION, ETC.
Place of publication, distribution, etc. New York
Name of publisher, distributor, etc. Plenum Press
Date of publication, distribution, etc. 1989
300 ## - PHYSICAL DESCRIPTION
Extent ix, 417p.
490 ## - SERIES STATEMENT
Series statement Ettore Majorana International Science Series; v. 40
650 ## - SUBJECT ADDED ENTRY--TOPICAL TERM
Topical term or geographic name entry element Astronomy
9 (RLIN) 80
650 ## - SUBJECT ADDED ENTRY--TOPICAL TERM
Topical term or geographic name entry element Astronomy and astrophysics thesaurus
650 ## - SUBJECT ADDED ENTRY--TOPICAL TERM
Topical term or geographic name entry element Data processing
9 (RLIN) 4335
700 ## - ADDED ENTRY--PERSONAL NAME
Personal name Crane, P., ed.
9 (RLIN) 11436
700 ## - ADDED ENTRY--PERSONAL NAME
Personal name Di Gesu, V., ed.
9 (RLIN) 16543
700 ## - ADDED ENTRY--PERSONAL NAME
Personal name Friedman, J. H., ed.
9 (RLIN) 16544
700 ## - ADDED ENTRY--PERSONAL NAME
Personal name Levialdi, S., ed.
9 (RLIN) 16545
700 ## - ADDED ENTRY--PERSONAL NAME
Personal name Maccarone, M. C., ed.
9 (RLIN) 16546
942 ## - ADDED ENTRY ELEMENTS (KOHA)
Koha item type Books
Holdings
Withdrawn status Lost status Damaged status Not for loan Home library Current library Shelving location Date acquired Cost, normal purchase price Total Checkouts Full call number Barcode Date last seen Cost, replacement price Price effective from Koha item type Purchase Price
        IIA Library-Bangalore IIA Library-Bangalore General Stacks   2029.00   52-17:519.68/ DAT 10683 05/11/2021 2029.00   Books Rs. 2029

Powered by Koha